000 00977nam a2200265 a 4500
001 000022609
003 DO-SdBNP
005 20250401150353.0
008 101014s1998 dr 001 0 spa d
040 _aDO-SdBNP
_bspa
_cBNPHU
082 _a972.9377
_bR457m
100 1 _aReyes Tejada, Edgar,
_d1964-
_926981
245 1 0 _aMonte Plata :
_bnotas sobre su patrimonio cultural /
_cEdgar Reyes Tejada.
260 _aSanto Domingo :
_bBúho,
_c1998.
300 _a110 p. ;
_c22 cm.
504 _aBibliografía : p. 109-110
590 _aInventariado, 2019/MFF
650 0 _aFolclore
_zMonte Plata (República Dominicana{Rpara}
_933448
650 4 _aVida cultural
_946528
650 4 _aCiudades y pueblos
_zRepública Dominicana
_9784
651 4 _aMonte Plata (República Dominicana{Rpara}
_xHistoria Local
_933193
651 4 _aMonte Plata (República Dominicana{Rpara}
_xVida Social Y Costumbres
_933194
910 _aValidado. Control de calidad MMOLINA
942 _2ddc
_cLBS1
999 _c22106
_d22106